000 03016nam2a22004091 4500
001 rc\379662
005 20250621231847.0
010 _a5-280-01218-1
_925000
035 _a(NLR Aleph) 005972877
090 _a6952122
_c6952122
100 _a20030307d1996 |||y0rusy50 ca
101 0 _arus
102 _aRU
105 _ay |||||||||
200 1 _aРоманы, повесть, радиопьесы, рассказы, эссе, речи, интервью, 1959-1964
_f[Коммент. Г. Шевченко]
210 _d1996
_aБ. м.
215 _a716, [2] с.
327 1 _aСодерж.: Романы: Бильярд в половине десятого; Глазами клоуна; Самовольная отлучка: Повесть; Радиопьесы: Стук, стук, стук...; Домофон; Концерт для четырех голосов; Рассказы: Город привычных лиц; Когда началась война; Когда кончилась война; Шмек не стоит слез; О падении трудовой морали; Эссе, речи, интервью
461 0 _1001rc\328951
_12001#$aСобрание сочинений$eВ 5 т.$eПер. с нем.$fГенрих Белль$gРедкол.: А.В. Карельский и др.$g[Сост. и вступ. ст., с. 5-28, И.М. Фрадкина$gКоммент. Г.Ю. Бергельсона]$vТ. 3
_1700#1$aБёлль$bГ.$gГенрих$f1917-1985$3RU\NLR\AUTH\7737239
_97854118
_aБёлль, Г. (1917-1985)
_cМ.
_d1989-
_fГенрих Белль
_nХудож. лит.
_oВ 5 т. : Пер. с нем.
_tСобрание сочинений
_y5280008257
_vТ. 3
464 0 _12001#$aБильярд в половине десятого
_tБильярд в половине десятого
464 0 _12001#$aГлазами клоуна
_tГлазами клоуна
464 0 _12001#$aСамовольная отлучка
_tСамовольная отлучка
464 0 _12001#$aСтук, стук, стук...
_tСтук, стук, стук...
464 0 _12001#$aДомофон
_tДомофон
464 0 _12001#$aКонцерт для четырех голосов
_tКонцерт для четырех голосов
464 0 _12001#$aГород привычных лиц
_tГород привычных лиц
464 0 _12001#$aКогда началась война
_tКогда началась война
464 0 _12001#$aКогда кончилась война
_tКогда кончилась война
464 0 _12001#$aШмек не стоит слез
_tШмек не стоит слез
464 0 _12001#$aО падении трудовой морали
_tО падении трудовой морали
464 0 _12001#$aЭссе, речи, интервью
_tЭссе, речи, интервью
801 0 _aRU
_bNLR
_gpsbo
801 1 _aRU
_bELAR
_2rusmarc
852 _aNLR
_j90-3/166
942 _cBOOK
980 _aNB